000 02672cam a2200325 4500
001 7165
005 20181127183040.0
008 080919s2002 cc b 101 0 eng d
010 _a 2008429273
020 _a9629960230
020 _a9789629960230
100 _aTong, Kwok Siu
_b
_c
_d
_eeditor
_q
111 2 _aInternational Congress on Culture and Humanity in the New Millennium: the Future of Human Values
_d(2000 :
_cHong Kong, China)
245 1 0 _aCulture and humanity in the new millennium :
_bthe future of human values /
_cedited by Kwok Siu Tong and Chan Sin-wai.
246 3 0 _aFuture of human values
260 _aHong Kong :
_bChinese University Press,
_cc2002.
300 _ax, 191 p. ;
_c23 cm.
500 _aBased on the International Congress on Culture and Humanity in the New Millennium: the Future of Human Values, held in Jan. 2000 and organized jointly by the Faculty of Arts, Chinese University of Hong Kong, and the Home Affairs Bureau of the Government of the Hong Kong Special Administrative Region.
504 _aIncludes bibliographical references and index.
505 _aThe world in the twenty-first century / Master Hsing Yun -- The central importance of music to humanity in the new millennium / Isaac Stern -- Wen Ren and culture / Choi Wen-chung -- Quantum listening : from practice to theory (to practise practice) / Pauline Oliveros -- Justifying critical differences : which concepts of value are sustainable in an expanded coordination / Laurent Thévenot -- The media and the dispersion of knowledge / Marc Ferro -- Pluralism without relativism in ethics / Gerard J. Hughes -- Cultural and ecological consequences of globalizing computers / C.A. Bowers -- Revitalization of cultural legacies in Northeast Asia / Shuichi Kato -- Who is to rescue literature and who can be rescued by literature? / Wang Meng -- Creation of wealth using knowledge systems in the new millennium / Paul Kan Man-lok -- The cultural identity of Hong Kong in the new millennium / Ambrose Y.C. King -- Whose millennium is it anyway? Beauty, truth and justice at the Fin-de-Siècle / Linda Nochlin -- Confucianism in the twenty-first century : dialogue among civilization and the public intellectual / Tu Wei-ming.
_g
_r
_t
650 0 _aCivilization
_xPhilosophy
_vCongresses.
650 0 _aHumanism
_vCongresses.
650 0 _aMeaning (Philosophy)
_vCongresses.
650 0 _aValues
_vCongresses.
650 4 _aConferences held in Hong Kong
_xValues.
700 1 _aChan, Sin-wai.
700 1 _aKwok, Siu Tong.
710 2 _aChinese University of Hong Kong.
_bFaculty of Arts.
710 2 _aHong Kong (China).
_bHome Affairs Bureau.
999 _c6091
_d6091